Number of Countries by First Letter - Statistics

General Stats
  • This quiz has been taken 226 times
  • The average score is 15 of 24
Answer Stats
Letter Number % Correct
A 11
83%
F 4
76%
O 1
75%
J 3
74%
Q 1
73%
K 6
72%
I 8
72%
H 3
71%
D 5
70%
Z 2
66%
Y 1
65%
E 8
65%
L 9
63%
B 18
62%
G 11
59%
V 4
59%
C 16
58%
R 4
54%
N 10
51%
U 7
51%
P 9
51%
M 17
50%
T 11
34%
S 26
33%
No matching quizzes found
Score Distribution
Percent of People with Each Score
Percentile by Number Answered
Your Score History
You have not taken this quiz